000 00225 a2200097 4500
020 _a9781623543129
041 _aspa
100 _aHollis Kurman
245 _aDiez formas de darles la bienvenida a niǫs refugiados
942 _cK
999 _c28130
_d28130